000 01388cam a22003734a 4500
001 14328258
003 ARRUPE
005 20170111155243.0
008 060404s2005 enk b 001 0 eng
010 _a 2006296093
015 _aGBA579460
_2bnb
016 7 _a013296585
_2Uk
020 _a0521571405 (hbk.)
020 _a0521577675 (pbk.)
024 3 _a9780521571401 (hbk.)
024 3 _a9780521577670 (pbk.)
035 _a(OCoLC)ocm61702400
040 _aUKM
_cUKM
_dBAKER
_dBWKUK
_dDLC
041 1 _aeng
_hger
042 _alccopycat
050 0 0 _aB2838.A313 2005
100 1 _aFichte, Johann Gottlieb,
_d1762-1814.
_93964
245 1 4 _aThe system of ethics :
_baccording to the principles of the Wissenschaftslehre /
_cJohann Gottlieb Fichte ; translated and edited by Daniel Breazeale and Günter Zöller.
260 _aCambridge,
_bCambridge University Press;
_c2005.
300 _axliv, 399 p.;
_c24 cm.
440 0 _aCambridge texts in the history of philosophy
_93965
504 _aIncludes bibliographical references and index.
650 0 _aEthics
_vEarly works to 1800.
_925579
700 1 _aBreazeale, Daniel.
_eed.
_918778
700 1 _aZöller, Günter,
_d1954-
_eed.
_96399
906 _a7
_bcbc
_ccopycat
_d2
_encip
_f20
_gy-gencatlg
942 _2lcc
_cMONOGRAPH
999 _c125956
_d125956